Alpha & Beta Cities - Statistics

General Stats
  • This quiz has been taken 497 times
    354 since last reset
  • The average score is 89 of 141
Answer Stats
Alpha? Cities % Correct
Alpha++ New York
99%
Alpha++ London
96%
Alpha+ Tokyo
93%
Beta+ Berlin
92%
Alpha Los Angeles
92%
Alpha+ Paris
92%
Alpha+ Shanghai
92%
Alpha+ Beijing
91%
Alpha Moscow
89%
Alpha - New Delhi
89%
Beta+ Rome
89%
Alpha Madrid
87%
Alpha Mexico City
87%
Alpha Mumbai
87%
Alpha - San Francisco
87%
Alpha+ Hong Kong
86%
Beta Rio de Janeiro
86%
Alpha Amsterdam
85%
Beta+ Barcelona
85%
Beta+ Cairo
85%
Alpha Chicago
85%
Alpha - Istanbul
85%
Alpha Sao Paulo
85%
Alpha+ Singapore
85%
Alpha Sydney
85%
Alpha+ Dubai
84%
Alpha Milan
84%
Alpha - Seoul
84%
Alpha Toronto
84%
Alpha - Buenos Aires
83%
Beta+ Dallas
83%
Beta+ Houston
83%
Alpha Jakarta
82%
Beta+ Lima
82%
Beta+ Miami
82%
Alpha - Stockholm
82%
Beta Athens
81%
Alpha - Bangkok
81%
Alpha - Boston
81%
Alpha - Dublin
80%
Beta - Osaka
80%
Beta Seattle
80%
Alpha - Vienna
80%
Beta+ Bogotá
79%
Alpha Brussels
79%
Alpha Frankfurt
78%
Alpha - Lisbon
78%
Alpha - Melbourne
78%
Beta Oslo
78%
Beta - Saint Petersburg
78%
Alpha - Santiago
78%
Beta+ Vancouver
78%
Beta - Lagos
77%
Alpha - Munich
77%
Alpha - Warsaw
77%
Beta Cape Town
76%
Alpha - Johannesbourg
76%
Beta+ Washington
76%
Beta+ Budapest
75%
Alpha Kuala Lumpur
74%
Alpha - Montreal
74%
Beta+ Copenhagen
73%
Alpha - Riyadh
73%
Alpha - Zurich
72%
Alpha - Manila
71%
Beta+ Hamburg
70%
Beta Helsinki
70%
Beta+ Atlanta
69%
Alpha - Guangzhou
69%
Beta - Manchester
69%
Alpha - Prague
69%
Alpha - Taipei
69%
Beta Abu Dhabi
68%
Beta+ Bucharest
68%
Beta Ho Chi Minh City
68%
Beta Philadelphia
68%
Beta Kyiv
67%
Beta - Dhaka
65%
Beta Hanoi
65%
Beta - Austin
64%
Beta Denver
62%
Beta - Wuhan
62%
Beta+ Auckland
61%
Beta - Detroit
61%
Beta Perth
61%
Beta - San Diego
61%
Beta+ Tel Aviv
61%
Beta Karachi
60%
Beta - Caracas
58%
Beta+ Doha
58%
Beta - Geneva
58%
Beta - Lyon
58%
Beta Panama City
58%
Beta - Belgrade
57%
Beta - Edinburgh
56%
Alpha - Shenzhen
56%
Beta Nairobi
54%
Beta - San José
54%
Beta+ Brisbane
52%
Beta Casablanca
51%
Beta+ Chengdu
51%
Beta - Sofia
51%
Alpha - Bangalore
50%
Beta - Zagreb
49%
Beta - Lahore
46%
Beta - Minneapolis
46%
Beta Chennai
45%
Beta - Quito
45%
Beta - Tampa
44%
Beta - Xi'an
44%
Beta - Calgary
43%
Beta Chongqing
43%
Beta - Kuwait City
43%
Beta - Guatemala City
41%
Beta - Hyderabad
39%
Beta - Jeddah
39%
Beta Montevideo
39%
Beta Tianjin
39%
Beta - Bratislava
38%
Beta+ Dusseldorf
38%
Beta - Tunis
38%
Beta+ Beirut
37%
Alpha - Luxembourg City
37%
Beta - Xiamen
34%
Beta - Monterrey
33%
Beta - Amman
32%
Beta - Muscat
32%
Beta - Stuttgart
31%
Beta Nanjing
30%
Beta Hangzhou
28%
Beta Manama
26%
Beta - Changsha
20%
Beta - Almaty
18%
Beta - San Salvador
18%
Beta - Shenyang
18%
Beta - Dalian
16%
Beta - Zhengzhou
16%
Beta - Kampala
15%
Beta - Nicosia
12%
Beta - George Town
10%
Beta - Jinan
9%
No matching quizzes found
Score Distribution
Percent of People with Each Score
Percentile by Number Answered
Your Score History
You have not taken this quiz since the last reset